Every beach in Vancouver BC Canada - Statistics

General Stats
  • This quiz has been taken 15 times
  • The average score is 7 of 14
Answer Stats
Hint Answer % Correct
Popular and Iconic beach with largeswimming pool Kitsilano Beach
92%
Nude beach in the UBC area Wreck Beach
92%
Picturesque beach located in theWest End of Downtown English Bay
83%
Located on the West Side of Vancouver named after an ancient Palestinian city Jericho Beach
75%
Located in West Point Grey Spanish Banks
75%
Located in Stanley Park right between two other beaches on this list Second Beach
58%
Relax and laid-back beach located inDowntown, known for 4/20 celebrations Sunset Beach
58%
Log-lined beach located on the Western end of Stanley Park Third Beach
58%
Located in a lake in East Vancouver,beach is named after the lake Trout Lake Beach
50%
Also located in West Point Grey Locarno Beach
33%
Right by the Main Port Downtown Crab Park
25%
North of the PNE New Brighton Beach
17%
Small beach located in the UBC area Oasis Beach
8%
Tiny beach located in Kits Point Teatotaler Beach
0%
No matching quizzes found
Score Distribution
Percent of People with Each Score
Percentile by Number Answered
Your Score History
You have not taken this quiz